000 00552nam a2200181 i 4500
001 23627
003 ES-MaACL
005 20230906152916.0
007 t|
008 021211s1967 sp ||||1| spa d
100 1 _aAnciaux, Paul.
_921404
245 1 3 _aEl encuentro con Dios en la confesión /
_cpor P. Anciaux y R. Blomme ; [versión de José Llanes. S.J.].
260 _aSantander :
_bSal Terrae,
_c[1967]
300 _a121 p. ;
_c22 cm.
700 1 _aBlomme, R.
_929539
700 1 _aLlanes, José.
_972689
852 _aES-MaACL
_jC-33759
_bR.64725
999 _c23627
_d23627